| 000 | 00521nam a2200193 a 4500 | ||
|---|---|---|---|
| 005 | 20230602063656.0 | ||
| 008 | 991125 2000 mx 000 0 spa u | ||
| 020 | _a9684110227 | ||
| 035 | _aUPN01000016676 | ||
| 049 | _aCG | ||
| 050 | 4 |
_aPQ7297 R43 _bD6 |
|
| 100 | 1 |
_aRevueltas, José, _d1914-1976 |
|
| 245 | 1 | 0 |
_aDormir en tierra / _cJosé Revueltas. |
| 260 |
_aMéxico : _bEra, _c2000. |
||
| 300 | _a133 p. | ||
| 440 | 0 |
_aObras completas de José Revueltas ; _v9 |
|
| 650 | 4 |
_aNovela mexicana _94557 |
|
| 905 | _aLibro | ||
| 999 |
_c16676 _d16676 |
||